• 首页
  • 本馆介绍
  • 公告通知
  • 最新文献
  • 馆藏检索
  • 电子资源
  • 读者导购
  • 参考咨询
  • 我的图书馆
  • 登录
  • 详细信息显示
  • 放入我的书架
  • 预约/预借图书
  • 作者相关作品
  • 分类相关作品
  • 丛书相关作品
  • 出版社相关作品

书目信息

  • 表格格式
  • 工作单格式
  • 卡片格式
题名:
莎士比亚、牛顿和贝多芬:不同的创造模式
    
 
作者: 钱德拉塞卡 著 ;王晓明 , 杨建邺 译
分册:  
出版信息: 长沙   湖南科学技术出版社  2007
页数: 245页
开本: 22cm
丛书名: 第一推动丛书
单 册:
中图分类: B804.4 , G305 , B804.4
科图分类:
主题词: 创造性思维--研究 , 创造性思维 , 科学美学 , 科学美学--研究 , 思维科学
电子资源:
ISBN: 978-7-5357-1854-9
000 01585oam2 2200397 450
001 0937731208
005 20090927103054.53
010    @a978-7-5357-1854-9@dCNY18.00
100    @a20070226d2007 em y0chiy50 ea
101 1  @achi@ceng
102    @aCN@b430000
105    @aa z 000yy
106    @ar
200 1  @a莎士比亚、牛顿和贝多芬:不同的创造模式@dTruth and beauty:aestheics and motivation in science@f(美)S. 钱德拉塞卡著@g杨建邺,王晓明等译@zeng@Asha shi bi ya 、 niu dun he bei duo fen : bu tong de chuang zao mo shi
205    @a2版
210    @a长沙@c湖南科学技术出版社@d2007
215    @a245页@c图@d22cm
225 2  @a第一推动丛书@i综合系列
305    @a通过大苹果股份有限公司获得出版权 根据美国芝加哥大学1990年版本译出
330    @a本书收集了天文物理学家钱德拉塞卡教授的七篇演讲,它们阐述了作者对于科学研究的动机以及科学创造模式的一般观点。
462  0 @1001003563377
500 10 @a莎士比亚、牛顿和贝多芬:不同的创造模式@Asha shi bi ya 、 niu dun he bei duo fen : bu tong de chuang zao mo shi
510 1  @aTruth and beauty:aestheics and motivation in science@zeng
606 0  @a创造性思维@x研究
606 0  @a创造性思维
606 0  @a科学美学
606 0  @a科学美学@x研究
606 0  @a思维科学
690    @aB804.4@v4
690    @aG305@v4
690    @aB804.4@v4
701  0 @c(美)@a钱德拉塞卡@c(Chandrasekhar,S.@f1911~1995)@4著@Aqian de la sai er
702  0 @a王晓明@f(1963~)@4译@Awang xiao ming
702  0 @a杨建邺@f(1935~)@4译@Ayang jian ye
801  0 @aCN@b110017@c20070806
905    @a10447@dB804.4@eJY21
    
    莎士比亚、牛顿和贝多芬:不同的创造模式=Truth and beauty:aestheics and motivation in science/(美)S. 钱德拉塞卡著/杨建邺,王晓明等译.-2版 .-长沙:湖南科学技术出版社,2007
    245页:图;22cm .-(第一推动丛书.综合系列 )
    
    
    ISBN 978-7-5357-1854-9:CNY18.00
    本书收集了天文物理学家钱德拉塞卡教授的七篇演讲,它们阐述了作者对于科学研究的动机以及科学创造模式的一般观点。
●
相关链接 在E读中查询图书 在五车中查询图书 在当当中查询图书 在豆瓣中查询图书


正题名:莎士比亚、牛顿和贝多芬:不同的创造模式     索取号:B804.4/JY21         预约/预借

序号 登录号 条形码 馆藏地/架位号 状态 备注
1 7804766   278047668   学院路分馆/ [索取号:B804.4/JY21] 在馆    
2 7804767   278047677   学院路分馆/ [索取号:B804.4/JY21] 在馆    
唐山师范学院图书馆 欢迎您!
大连网信软件有限公司© 版权所有